| 000 | 01215nam a2200265 4500 | ||
|---|---|---|---|
| 005 | 20240530110950.0 | ||
| 008 | 221212s2022 ua acf f b 000 0 ara d | ||
| 017 |
_a2022/3229 _bمصر. دار الكتب |
||
| 020 | _a9789776809840 | ||
| 040 |
_aEG-CaGPL _cEG-CaGPL |
||
| 082 | 0 | 4 |
_221 _a746.9 _bق/أ م |
| 100 | 0 | _aاحمد عبدالحميد النمر | |
| 245 | 1 | 2 |
_aالمفروشات القبطية فى العصر الاسلامى فى ضوء مجموعات المتحف القومى للحضارة المصرية / _cتاليف احمد عبدالحميد النمر ؛ تقديم اشرف البخشونجى |
| 250 | _aط.1 | ||
| 260 |
_aالقاهرة : _bالمؤسسة الدولية للكناب، _c2022. |
||
| 300 |
_a298 ص. : _bايض ؛ _c24 سم. |
||
| 504 | _aيشتمل على ارجاعات ببليوجرافية | ||
| 650 | 0 | 7 |
_2qrmak _aالمفروشات القبطية _zالعصر الاسلامى |
| 650 | 0 | 7 |
_2qrmak _aالمنسوجات _yالعصر الاسلامى |
| 650 | 0 | 7 |
_2qrmak _aالسجاجيد _yالعصر الاسلامى |
| 651 | _2qrmak | ||
| 700 | 0 |
_aاشرف البخشونجى _eمقدم |
|
| 942 |
_2ddc _cBK |
||
| 999 |
_c66980 _d66980 |
||